|
|
|
|
| LEADER |
00000nam a2200000 a 4500 |
| 001 |
vtls001314210 |
| 003 |
SK-MaSNL |
| 005 |
20260302033044.0 |
| 008 |
240315s1900 xo 0 cze |
| 020 |
|
|
|c 300,00
|
| 035 |
|
|
|a SNK000266665
|
| 040 |
|
|
|a SNK
|b slo
|c SNK
|e AACR2
|
| 041 |
0 |
|
|a cze
|
| 044 |
|
|
|a xo
|c SK
|
| 080 |
|
|
|a 133.3
|2 1981
|
| 080 |
|
|
|a 133.528
|2 1981
|
| 100 |
0 |
|
|a Sibyla Kúmska,
|d asi 970 pred Kr.-870 pred Kr
|4 aut
|9 170684
|
| 245 |
1 |
|
|a [Sibilla. Proroctwí králowny ze Sáby]
|
| 260 |
|
|
|a [Ružomberok
|b Koruna
|c 18--]
|
| 300 |
|
|
|a 57 s.
|c 17 cm
|
| 500 |
|
|
|a Defektný ex., publikácia bez tit. strany
|
| 600 |
0 |
|
|a Sibyla Kúmska,
|d asi 970 pred Kr.-870 pred Kr
|2 SNK
|9 170684
|
| 958 |
|
|
|a ONDV
|
| 999 |
|
|
|c 1059921
|d 1061851
|
| 952 |
|
|
|t P60, <03>, [BOOK], {603}
|a SNK
|b SNK
|y PREZ
|7 0
|p 17A0112272
|o snkSD 5565
|i snkK 21/98
|8 3
|0 0
|1 0
|4 0
|d 1997-12-11
|l 0
|r 2025-11-13 00:00:00
|w 2026-02-24
|